載入...
Textbook of pediatrics
| 主要作者: | |
|---|---|
| 出版: |
London, W B Saunders Company
1992
|
| 版: | 4 |
| 主題: |
| LEADER | 004280000a22001450004500 | ||
|---|---|---|---|
| 020 | |a 0-7216-4397-3 | ||
| 082 | |a 618.92 N2 | ||
| 100 | |a Behrman, Richard E | ||
| 245 | |a Textbook of pediatrics | ||
| 250 | |a 4 | ||
| 260 | |a London, W B Saunders Company | ||
| 260 | |c 1992 | ||
| 650 | |a Paediatrics | ||
| 999 | |c 88941 |d 88941 | ||
| 952 | |0 0 |1 0 |4 0 |6 618_920000000000000_N2 |7 0 |9 81276 |a SBES |b SBES |d 2016-08-12 |l 0 |o 618.92 N2 |p SBES01206 |r 2016-08-12 |w 2016-08-12 | ||